The Shifting of the Corporation Income Tax : (Registro nro. 7663)
[ vista simple ]
| 000 -LEADER | |
|---|---|
| fixed length control field | 00979nam a2200217Ia 4500 |
| 003 - CONTROL NUMBER IDENTIFIER | |
| control field | OSt |
| 005 - DATE AND TIME OF LATEST TRANSACTION | |
| control field | 20210426150751.0 |
| 008 - FIXED-LENGTH DATA ELEMENTS--GENERAL INFORMATION | |
| fixed length control field | 210310t1963 eu gr 000 0 eng d |
| 040 ## - CATALOGING SOURCE | |
| Original cataloging agency | CO-JMCR |
| Transcribing agency | CO-JMCR |
| 041 0# - LANGUAGE CODE | |
| Language code of text/sound track or separate title | eng |
| 082 04 - DEWEY DECIMAL CLASSIFICATION NUMBER | |
| Classification number | 336.243 / |
| Item number | K949s |
| Edition number | 23 |
| 100 1# - MAIN ENTRY--PERSONAL NAME | |
| Personal name | Krzyzaniak, Marian, |
| 9 (RLIN) | 15087 |
| Relator term | autora |
| 245 14 - TITLE STATEMENT | |
| Title | The Shifting of the Corporation Income Tax : |
| Remainder of title | an empirical study of its short-run effect upon the rate of return / |
| Statement of responsibility, etc. | Marian Krzyzaniak, Richard A. Musgrave |
| 260 ## - PUBLICATION, DISTRIBUTION, ETC. | |
| Place of publication, distribution, etc. | Baltimore : |
| Name of publisher, distributor, etc. | The Johns Hopkins Press, |
| Date of publication, distribution, etc. | ©1963 |
| 300 ## - PHYSICAL DESCRIPTION | |
| Other physical details | viii, 100 páginas ; |
| Dimensions | 23 cm. |
| 500 ## - GENERAL NOTE | |
| General note | Incluye notas a pie de página. |
| 505 0# - FORMATTED CONTENTS NOTE | |
| Formatted contents note | A preliminary view -- General Method, source, and variables -- The models -- Degrees of Shifting in the estimated models -- Basic Results for All-Manufacturing, total capital base -- Further results |
| 650 14 - SUBJECT ADDED ENTRY--TOPICAL TERM | |
| Topical term or geographic name entry element | Impuesto sobre la renta |
| 9 (RLIN) | 15089 |
| General subdivision | Corporaciones |
| 700 1# - ADDED ENTRY--PERSONAL NAME | |
| Personal name | Musgrave, Richard A., |
| Relator term | autor |
| 9 (RLIN) | 37159 |
| 942 ## - ADDED ENTRY ELEMENTS (KOHA) | |
| Source of classification or shelving scheme | Dewey Decimal Classification |
| Koha item type | Books |
| Withdrawn status | Lost status | Source of classification or shelving scheme | Damaged status | Not for loan | Collection code | Home library | Current library | Date acquired | Source of acquisition | Full call number | Barcode | Date last seen | Copy number | Koha item type |
|---|---|---|---|---|---|---|---|---|---|---|---|---|---|---|
| Dewey Decimal Classification | Non-fiction | Biblioteca Pública José María del Castillo y Rada | Biblioteca Pública José María del Castillo y Rada | 04/15/2018 | Donación | 336.243 / K949s | 430003445 | 05/16/2024 | Ej.1 | Books |